LDR 00914naa#a2200181#i#450# 001 RU\\bibl\100067 005 20260701062820.3 011 ## _a2542-1840 100 ## _a20260630b2026####ek#y0rusy0150####ca 102 ## _aRU 200 1# _aОсобенности совладающего поведения и жизнестойкости у мужчин и женщин, переживших развод _eЖурнальная статья 210 1# _aКемерово _cКемеровский государственный университет _d2026 215 ## _a15 с. 608 ## _aЖурнальная статья _2local 675 ## _aПсихологические исследования, опыты, эксперименты, тесты, измерения. 159.9.072 _z 700 #1 _aПузырёва _gЛюбава Олеговна 700 #1 _aМиткевич _gИлона Андреевна 856 4# _avestnik-pses.kemsu.ru _u